000 01558nam a2200457 a 4500
001 21584
003 VRT
005 20260306124001.0
008 160808s1991 stka 6 000 0 slo
015 _aSNBZSA2016/9
020 _a1555137911
_q(brožované)
039 9 _a201609291616
_bmsnk131
_c201609291615
_dmsnk131
_c201609291614
_dmsnk131
_c201608081349
_dmsnk03
040 _asnk
_bslo
_cSNK
_eAACR2
041 1 _aslo
_heng
044 _astk
072 7 _a27
_xKresťanstvo. Kresťanská cirkev všeobecne. Ekleziológia
_2konspekt
080 _a27
_22011
080 _a2-236.5
_22011
080 _a82-93-053.2
_22011
080 _a(084.1)
_22011
245 0 0 _aNová Zmluva. Obrázková Biblia
250 _aFirst Slovak Edition
260 _aElgin
_bDavid C. Cook Publishing Co.
_c1991
300 _a255 s.
_bilustr.
_c22 cm
600 1 7 _aJežiš Kristus
_2SNKMA
630 7 _aBiblia
_2SNKPH
630 7 _aBible
_2SNKPHeng
650 0 7 _akresťanstvo
_2SNKPH
650 0 7 _aChristianity
_2SNKPHeng
650 0 7 _abiblické príbehy
_2SNKPH
650 0 7 _aBible stories
_2SNKPHeng
650 0 7 _abiblické udalosti
_2SNKPH
650 0 7 _aBiblical events
_2SNKPHeng
655 7 _apublikácie pre deti
_2SNKPH
655 7 _aChildren's literature
_2SNKPHeng
655 7 _akomiksy
_2SNKPH
655 7 _aComics
_2SNKPHeng
910 _asnk
942 _2ddc
_cKLDE
_n0
949 _617A1124493
_asnkOSC 27604 D1
_bsnk2016/18707
_oDar, Oravská knižnica Antona Habovštiaka, Dolný Kubín Exemplár prerobený na D1 (pôvodne bol simplikát v horšom stave)
999 _c21584
_d21584